| 000 | 00446nam a2200169Ia 4500 | ||
|---|---|---|---|
| 008 | 180921t2019 xxu||||| |||| 00| 1 sin d | ||
| 041 | _asin | ||
| 080 |
_aX8C31 _bJAY |
||
| 100 | _aJayathilaka, Padmini Karunarathna | ||
| 245 | _aමිහිරන් මඬල | ||
| 246 | _aMihiran Madala | ||
| 260 |
_bSusara Publications _aColombo _c2019 |
||
| 300 | _a567p., 21cm | ||
| 942 | _cBK | ||
| 999 |
_c8025 _d8025 |
||
| 003 | LK-CoDNM | ||
| 040 |
_aLK-CoDNM _dLK-CoDNM _eLK-CoDNM |
||